[Event "Ch Europe (juniors) (under 16) (g)"]
[Site "masterchessopen.com - Herceg Novi (Montenegro)"]
[Round "3"]
[White "Rakic Marija (SRB)"]
[Black "Sambolec Andreja (CRO)"]
[Result "1-0"]
[WhiteElo "2074"]
[BlackElo "1873"]

1.d4 f5 2.c4 Nf6 3.g3 g6 4.Bg2 Bg7 5.Nc3 O-O 6.e4 fxe4 7.Nxe4 Nxe4 8.Bxe4 e6
9.Be3 d5 10.cxd5 exd5 11.Qb3 c6 12.Bg2 Nd7 13.Nf3 Qe7 14.O-O Nf6 15.Ne5 Bf5
16.Bg5 h6 17.g4 hxg5 18.gxf5 Qc7 19.fxg6 Nh5 20.Qh3 Bxe5 21.Qxh5 Bxd4 22.Rad1
Bf6 23.Rxd5 Qg7 24.Bh3 Rfe8 25.Rd7 Re7 26.Rfd1 Rae8 27.Be6+ Kf8 28.Bf7 Rxd7
29.Rxd7 Rd8 30.Rxb7 Be7 31.Be6 Qf6 32.Qh6+ Qg7 33.Qxg7+ Kxg7 34.Rxe7+ {#r} 1-0

[Event "It (open)"]
[Site "masterchessopen.com - Villa San Giovanni (Italy)"]
[Date "2005.09.10"]
[Round "4"]
[White "Gasperoni Claudio (ITA)"]
[Black "Armentano Alessio (ITA)"]
[Result "0-1"]
[WhiteElo "1822"]
[BlackElo "2067"]

1.d4 f5 2.c4 Nf6 3.g3 g6 4.Bg2 Bg7 5.Nh3 O-O 6.O-O d6 7.d5 Qe8 8.Nf4 c6 9.Qb3
Na6 10.Be3 Ng4 11.Bd2 Nc5 12.Qc2 e5 13.dxe6 Nxe6 14.Nc3 Nd4 15.Qd1 g5 16.Nd3
h6 17.e3 Ne6 18.Ne2 Ne5 19.Nxe5 dxe5 20.Bc3 Qh5 21.Nc1 Qg6 22.Nd3 Rd8 23.Qc2
f4 24.Nb4 Qh5 25.Rad1 Bd7 26.Nd3 f3 27.Bh1 g4 28.Rd2 Ng5 29.Re1 Bf5 30.Qd1 Ne4
31.Nf4 Qe8 32.Rxd8 Rxd8 33.Qb3 exf4 34.Bxg7 Kxg7 35.exf4 Qf7 36.h3 h5 {#R} 0-1

[Event "Tournament"]
[Site "masterchessopen.com - Switzerland"]
[Round "0"]
[White "Reist Daniel (SUI)"]
[Black "Buergi Oswald (SUI)"]
[Result "1-0"]
[WhiteElo "2138"]
[BlackElo "2154"]

1.c4 f5 2.d4 Nf6 3.g3 g6 4.Bg2 Bg7 5.Nc3 O-O 6.Nh3 d6 7.O-O Qe8 8.d5 Na6 9.Be3
Bd7 10.Rc1 c6 11.Qc2 e5 12.dxe6 Bxe6 13.b3 d5 14.cxd5 cxd5 15.Bd4 Rc8 16.Qb2
Qd7 17.Nf4 Nc7 18.Rc2 Rfd8 19.Rfc1 Ne4 20.Bxg7 Qxg7 21.Nxe4 Qxb2 22.Rxb2 dxe4
23.Rbc2 {#r} 1-0

[Event "It (open)"]
[Site "masterchessopen.com - Arco (Italy)"]
[Date "2005.10.28"]
[Round "7"]
[White "Agostini Guillermo (ITA)"]
[Black "Tocco Paolo (ITA)"]
[Result "0-1"]
[WhiteElo "2050"]
[BlackElo "2151"]

1.d4 f5 2.c4 Nf6 3.g3 g6 4.Bg2 Bg7 5.d5 O-O 6.Nc3 d6 7.h4 Nbd7 8.Rb1 Ne5 9.b3
Nh5 10.Nh3 Nxc4 11.bxc4 Bxc3+ 12.Bd2 Bg7 13.Nf4 Nxf4 14.gxf4 b6 15.h5 Bd7
16.hxg6 hxg6 17.Bf3 Kf7 18.Qc2 Rh8 19.Rg1 Rh3 20.Bg2 Rh2 21.Rb3 Ba4 22.e4 Qh8
23.exf5 Rxg2 {#R} 0-1

[Event "Memorial Crespi (open)"]
[Site "masterchessopen.com - Milan (Italy)"]
[Date "2005.12.09"]
[Round "4"]
[White "Astengo Marcello (ITA)"]
[Black "Nardone Massimo (ITA)"]
[Result "1-0"]
[WhiteElo "2077"]
[BlackElo "1910"]

1.d4 f5 2.c4 Nf6 3.g3 g6 4.Bg2 Bg7 5.Nc3 O-O 6.Nh3 c6 7.Nf4 Re8 8.O-O d6 9.d5
e5 10.dxe6 Bxe6 11.Nxe6 Rxe6 12.Bf4 Na6 13.Rc1 Nc5 14.b4 Nce4 15.Na4 b5
16.cxb5 cxb5 17.Nb2 Nh5 18.Nd3 Rc8 19.Qb3 Qd7 20.g4 Nc3 21.Bf3 Nf6 22.gxf5
gxf5 23.Rxc3 Rxc3 24.Qxc3 {#r} 1-0

[Event "Ch Ukraine (1/2 final)"]
[Site "masterchessopen.com - Alushta (Ukraine)"]
[Date "2006.05.15"]
[Round "3"]
[White "Fingerov Dmitry (UKR)"]
[Black "Tukhaev Adam (UKR)"]
[Result "0-1"]
[WhiteElo "2340"]
[BlackElo "2464"]

1.d4 f5 2.c4 Nf6 3.g3 g6 4.Bg2 Bg7 5.Nc3 O-O 6.Nh3 d6 7.d5 Na6 8.O-O Nc5 9.Nf4
e5 10.dxe6 c6 11.Qc2 Nxe6 12.Nxe6 Bxe6 13.b3 Rf7 14.Bb2 Rc8 15.Rad1 d5 16.e3
Rd7 17.cxd5 cxd5 18.Qb1 f4 19.exf4 Bg4 20.f3 Bf5 21.Qa1 d4 22.Ne4 Rc2 23.Rf2
Bxe4 24.fxe4 Rxf2 25.Kxf2 Ng4+ 26.Kg1 d3 27.Bh3 Qb6+ 28.Kh1 Nf2+ 29.Kg2 Bxb2
30.Qxb2 Nxd1 31.Qd2 Qf2+ 32.Qxf2 Nxf2 33.Kxf2 d2 {#R} 0-1

[Event "Ch Belgrade (team) (Premijer liga)"]
[Site "masterchessopen.com - Belgrade (Yugoslavia)"]
[Date "2006.09.27"]
[Round "5"]
[White "Tatisic Milan (SRB)"]
[Black "Cobic Vladimir (SRB)"]
[Result "0-1"]
[WhiteElo "2245"]
[BlackElo "2365"]

1.c4 f5 2.d4 Nf6 3.g3 g6 4.Bg2 Bg7 5.Nh3 d6 6.d5 O-O 7.Nf4 Na6 8.h4 Nc5 9.Nd2
Qe8 10.Nb3 e5 11.dxe6 Nxe6 12.Nd5 Ng4 13.Qc2 c6 14.Nf4 Nd4 15.Nxd4 Bxd4 16.O-O
Be6 17.Rb1 Qf7 18.b3 Rae8 19.Bb2 Be5 20.e3 h6 21.Nxe6 Rxe6 22.Bf3 Bxb2 23.Qxb2
Ne5 24.Bg2 g5 25.hxg5 hxg5 26.Qd4 Qh5 27.f3 Rh6 28.Kf2 Qh2 29.Rg1 Rh3 30.Kf1
Rxg3 31.Rb2 Nxf3 {#R} 0-1

[Event "Cup European Club"]
[Site "masterchessopen.com - Fuegen (Austria)"]
[Date "2006.10.11"]
[Round "4"]
[White "Efimov Igor (MNC)"]
[Black "Wiersma Eelke (NED)"]
[Result "0-1"]
[WhiteElo "2412"]
[BlackElo "2414"]

1.d4 f5 2.c4 Nf6 3.g3 g6 4.Bg2 Bg7 5.Nh3 O-O 6.Nf4 Nc6 7.h4 e5 8.dxe5 Nxe5
9.h5 c6 10.hxg6 hxg6 11.Qc2 d6 12.Nd2 Qa5 13.Kf1 Qc5 14.Rb1 Nfg4 15.Nh3 Qxf2+
16.Nxf2 Ne3+ 17.Kg1 Nxc2 18.b3 Nd4 19.Kf1 Bd7 20.Ba3 Ng4 21.Nd1 Rae8 22.Bf3
Be5 23.Kg2 Nxf3 24.exf3 Bd4 25.Kf1 c5 26.b4 b6 27.Nb3 Ne3+ 28.Kg1 Nxd1+
29.Nxd4 Re1+ 30.Kg2 Ne3+ 31.Kf2 Rxb1 32.Rxb1 cxd4 33.Bb2 Nxc4 34.Bxd4 Rf7 {#R}
0-1

[Event "It (open)"]
[Site "masterchessopen.com - Calvia (Spain)"]
[Date "2006.10.22"]
[Round "3"]
[White "Suba Mihai (ROM)"]
[Black "Torres Tur Juan (ESP)"]
[Result "1-0"]
[WhiteElo "2535"]
[BlackElo "2154"]

1.c4 f5 2.d4 Nf6 3.g3 g6 4.Bg2 Bg7 5.Nc3 d6 6.d5 O-O 7.Nh3 Re8 8.O-O e5 9.dxe6
c6 10.Ng5 Qe7 11.Bf4 Bxe6 12.Bxd6 Qd7 13.c5 Na6 14.Nxe6 Qxe6 15.Qb3 Qxb3
16.axb3 Nb4 17.Rfd1 Ng4 18.Ra4 a5 19.e3 Ne5 20.Raa1 Kf7 21.Na4 Rad8 22.Nb6 Nd7
23.Nc4 Nf6 24.Rxa5 Na6 25.Rxa6 bxa6 26.Bxc6 Re6 27.Bb7 {#r} 1-0

[Event "Memorial V.Ciocaltea (cat.10)"]
[Site "masterchessopen.com - Bucharest (Romania)"]
[Date "2007.03.13"]
[Round "8"]
[White "Jianu Vlad-Cristian (ROM)"]
[Black "Grunberg Mihai-Lucian (ROM)"]
[Result "0-1"]
[WhiteElo "2535"]
[BlackElo "2427"]

1.d4 f5 2.c4 Nf6 3.g3 g6 4.Bg2 Bg7 5.Nc3 O-O 6.Nh3 Nc6 7.O-O d6 8.d5 Ne5 9.b3
c5 10.Bb2 a6 11.Qc2 Rb8 12.a4 h6 13.Rae1 e6 14.Nf4 exd5 15.cxd5 Qe8 16.e4 g5
17.Nd3 f4 18.Nxe5 dxe5 19.Rd1 b5 20.axb5 axb5 21.d6 Qe6 22.Rfe1 Rd8 23.Bf1 Ba6
24.Nd5 Nxd5 25.Rxd5 Rxd6 26.Bh3 Qxh3 {#R} 0-1

[Event "Landesliga 2006/07"]
[Site "masterchessopen.com - Mecklenburg-Vorpommern (Germany)"]
[Date "2007.03.18"]
[Round "7"]
[White "Kliewe Hans-Juergen (GER)"]
[Black "Herrmann Carsten (GER)"]
[Result "1-0"]
[WhiteElo "2204"]
[BlackElo "2018"]

1.d4 f5 2.c4 Nf6 3.g3 g6 4.Bg2 Bg7 5.Nh3 d6 6.d5 Na6 7.O-O O-O 8.Nc3 Nc5 9.Nf4
e5 10.dxe6 c6 11.Qc2 Nxe6 12.Rd1 Qe7 13.b3 Ng4 14.e3 g5 15.Nfe2 f4 16.exf4
gxf4 17.f3 Nxh2 18.Nxf4 Nxf4 19.Bxf4 Rxf4 20.gxf4 Qe3+ 21.Qf2 Nxf3+ 22.Bxf3
Qxc3 23.Rac1 Qf6 24.Qg3 Bf5 25.Qg5 Qxg5+ 26.fxg5 Be5 27.Rf1 Rf8 28.Rcd1 Bh3
29.Bg2 Bf5 30.b4 Kg7 31.c5 d5 32.Bxd5 Bg4 33.Rxf8 Bxd1 34.Rg8# 1-0

[Event "It (open)"]
[Site "masterchessopen.com - La Roda (Spain)"]
[Date "2007.04.07"]
[Round "7"]
[White "Spassov Liuben (BUL)"]
[Black "Moreto Quintana Alex (ESP)"]
[Result "1-0"]
[WhiteElo "2410"]
[BlackElo "2121"]

1.d4 f5 2.g3 Nf6 3.c4 g6 4.Nf3 Bg7 5.b4 d6 6.Bb2 e5 7.dxe5 Nfd7 8.Bg2 Nc6
9.O-O Ndxe5 10.Nxe5 Nxe5 11.Qc2 O-O 12.e3 Be6 13.Nd2 Qf6 14.Bd4 Qf7 15.Rac1 c5
16.bxc5 dxc5 17.Bxc5 Rfc8 18.Nb3 a5 19.Bd4 Rxc4 20.Qd2 a4 21.Nc5 Rxc1 22.Rxc1
Bxa2 23.Nxa4 Bd5 24.Bxe5 Bxg2 25.Bxg7 Rxa4 26.Bb2 Bc6 27.Qc3 Kf8 28.Rd1 Ra8
29.Rd6 Qg8 30.Rf6+ Ke7 31.Qe5+ Kd7 32.Qd6+ Ke8 33.Re6+ {#r} 1-0

[Event "It (open)"]
[Site "masterchessopen.com - Sydney (Australia)"]
[Date "2007.04.11"]
[Round "2"]
[White "Wei Michael (AUS)"]
[Black "Lane Gary W (AUS)"]
[Result "0-1"]
[WhiteElo "2139"]
[BlackElo "2412"]

1.d4 f5 2.c4 Nf6 3.g3 g6 4.Bg2 Bg7 5.Nh3 c6 6.Nc3 d6 7.d5 O-O 8.O-O e5 9.dxe6
Bxe6 10.Qd3 Ng4 11.Ng5 Bf7 12.Nxf7 Rxf7 13.e4 Na6 14.exf5 gxf5 15.Bf4 Ne5
16.Bxe5 dxe5 17.Qxd8+ Rxd8 18.Rad1 Rd4 19.b3 Nb4 20.Bh3 Kf8 21.Ne2 Rxd1
22.Rxd1 e4 23.Nf4 Ke7 24.a4 Nc2 25.Bg2 a5 26.Nh5 Be5 27.Kf1 Nd4 28.Rb1 Kd6
29.h3 Kc5 30.g4 fxg4 31.hxg4 e3 {#R} 0-1

[Event "Tournament (Elo) (a)"]
[Site "masterchessopen.com - Budapest (Hungary)"]
[Date "2007.05.06"]
[Round "2"]
[White "Mizsei Janos (HUN)"]
[Black "Preuss Flemming (DEN)"]
[Result "1-0"]
[WhiteElo "2096"]
[BlackElo "2034"]

1.d4 f5 2.c4 Nf6 3.g3 g6 4.Bg2 d6 5.Nc3 Bg7 6.Nh3 O-O 7.O-O c6 8.d5 Qe8 9.Bg5
h6 10.Bxf6 Bxf6 11.Nf4 g5 12.dxc6 bxc6 13.Nfd5 Na6 14.Nxf6+ Rxf6 15.a3 Bb7
16.b4 Qd7 17.e4 fxe4 18.Nxe4 Rg6 19.b5 Nc7 20.Nc5 Qc8 21.Nxb7 Qxb7 22.Bxc6 Qc8
23.Qd3 Rf6 24.Rae1 Qf8 25.Bxa8 Nxa8 26.c5 Nc7 27.b6 axb6 28.cxb6 Ne6 29.Qb3
{#r} 1-0

[Event "Ch City (open)"]
[Site "masterchessopen.com - Frankfurt (Germany)"]
[Date "2007.05.07"]
[Round "2"]
[White "Solonar Stefan (GER)"]
[Black "Fernandez Egea Andres (ESP)"]
[Result "1-0"]
[WhiteElo "2363"]
[BlackElo "2051"]

1.c4 f5 2.d4 Nf6 3.g3 g6 4.Nh3 Bg7 5.Nf4 e6 6.b3 d6 7.Bb2 Qe7 8.Nc3 a6 9.Bg2
Nbd7 10.O-O Rb8 11.e4 fxe4 12.Nxe4 Nxe4 13.Bxe4 Nf6 14.Bg2 O-O 15.Re1 Qf7
16.Qe2 Re8 17.h4 Kh8 18.Rad1 Bd7 19.Bh3 e5 20.dxe5 dxe5 21.Bxe5 Bc6 22.Qd3 Re7
23.Bg2 Bxg2 24.Kxg2 Rbe8 25.Bc3 Ne4 26.Bxg7+ Kxg7 27.Qd4+ Kg8 28.Nd5 Re6
29.Rxe4 {#r} 1-0

[Event "Ch Tatarstan (open)"]
[Site "masterchessopen.com - Kazan (Russia)"]
[Date "2007.08.22"]
[Round "3"]
[White "Zainutdinov I (RUS)"]
[Black "Sadykov Renat (RUS)"]
[Result "0-1"]
[WhiteElo "2142"]
[BlackElo "2076"]

1.d4 f5 2.c4 Nf6 3.g3 d6 4.Bg2 e5 5.dxe5 dxe5 6.Qxd8+ Kxd8 7.Nc3 c6 8.b3 Be6
9.Bb2 Nbd7 10.O-O-O Ng4 11.Rf1 Bc5 12.Nd1 Kc7 13.Nf3 Kd6 14.Bc3 a5 15.Kb2 Rhe8
16.a3 Bb6 17.h3 Ngf6 18.Kc2 Ne4 19.Ba1 a4 20.Ne3 axb3+ 21.Kxb3 Ra5 22.Bb2 Kc7
23.Nd1 Rb5+ 24.Kc2 Bxc4 25.Ng1 Bb3+ 26.Kc1 Rc5+ 27.Nc3 Nxc3 28.Bxc3 Rxc3+
29.Kb2 Bd4 30.Kb1 Bc2+ 31.Kb2 Nc5 32.e3 Nd3+ 33.Ka2 Ra8 34.Ne2 Rcxa3# 0-1

[Event "Ch World (seniors)"]
[Site "masterchessopen.com - Gmunden (Austria)"]
[Date "2007.09.19"]
[Round "3"]
[White "Pustina Ylvi (ALB)"]
[Black "Danner Georg (AUT)"]
[Result "0-1"]
[WhiteElo "2277"]
[BlackElo "2434"]

1.d4 f5 2.c4 Nf6 3.g3 g6 4.Bg2 Bg7 5.Nc3 O-O 6.Bg5 d6 7.e3 c6 8.Bxf6 Bxf6
9.Nge2 e5 10.O-O Qe7 11.f4 Na6 12.Qd2 Bd7 13.a3 Nc7 14.Rac1 Rfd8 15.Rfe1 Qg7
16.Rcd1 e4 17.Rc1 Rab8 18.Rc2 a6 19.Bf1 Be6 20.Na2 c5 21.d5 Bd7 22.b3 b5
23.Nec3 b4 24.axb4 cxb4 25.Ne2 a5 26.c5 a4 27.cxd6 Nb5 28.Nec1 Bc3 29.Nxc3
bxc3 30.Qd1 Na3 31.Ra2 c2 32.Qd4 Qxd4 33.exd4 axb3 34.Rb2 Ba4 35.Re3 Rb4
36.Rc3 Rxd4 {#R} 0-1

[Event "It (open)"]
[Site "masterchessopen.com - Bad Harzburg (Germany)"]
[Date "2007.10.23"]
[Round "1"]
[White "Gottwald Lutz (GER)"]
[Black "Boettcher Christian (GER)"]
[Result "0-1"]
[WhiteElo "1891"]
[BlackElo "2146"]

1.d4 f5 2.c4 Nf6 3.g3 g6 4.Bg2 Bg7 5.Nc3 O-O 6.Nh3 d6 7.d5 Na6 8.O-O Nc5 9.Qc2
e5 10.dxe6 Nxe6 11.Nf4 c6 12.Rb1 Qe7 13.b3 Nc5 14.Ba3 g5 15.Nh3 h6 16.e3 f4
17.Rfe1 f3 18.Bf1 Qf7 19.Kh1 Qh5 20.Ng1 Ng4 21.h3 Bxc3 22.Bxc5 Bxe1 23.Rxe1
dxc5 24.e4 Ne5 25.Qc3 g4 {#R} 0-1

[Event "It (open) (seniors)"]
[Site "masterchessopen.com - Schwabisch Gmund (Germany)"]
[Round "9"]
[White "Gabriel Josef (GER)"]
[Black "Czech Ludwig (GER)"]
[Result "1-0"]
[WhiteElo "2100"]
[BlackElo "2070"]

1.c4 f5 2.d4 Nf6 3.g3 g6 4.Bg2 Bg7 5.Nc3 O-O 6.Nh3 Nc6 7.Nf4 e5 8.dxe5 Nxe5
9.O-O Rb8 10.h4 b6 11.Ncd5 Ne8 12.Rb1 Bb7 13.b3 Bxd5 14.Bxd5+ Kh8 15.Ba3 c5
16.Bb2 Qe7 17.Kg2 Nc7 18.h5 Ne6 19.Rh1 g5 20.Ng6+ hxg6 21.hxg6+ Kg8 22.Rh7 Qf6
23.Bxe5 Qxe5 24.Qh1 Rf6 25.Rxg7+ Kxg7 26.Qh7+ Kf8 27.Bxe6 Qe4+ 28.Kh2 Qxe6
29.g7+ Ke8 30.g8=Q+ Qxg8 31.Qxg8+ Rf8 32.Qxg5 {#r} 1-0

[Event "Ch France (team) (nat.1) 2007/08"]
[Site "masterchessopen.com - France"]
[Date "2008.03.16"]
[Round "9"]
[White "Demuth Adrien (FRA)"]
[Black "Sorbe Stephane (FRA)"]
[Result "1-0"]
[WhiteElo "2332"]
[BlackElo "2314"]

1.d4 f5 2.c4 Nf6 3.g3 g6 4.Bg2 Bg7 5.Nc3 O-O 6.Nh3 d6 7.d5 c6 8.O-O e5 9.dxe6
Bxe6 10.Qd3 Ng4 11.Ng5 Qe7 12.Nd5 Bxd5 13.cxd5 c5 14.Ne6 Re8 15.e4 fxe4
16.Qxe4 Nf6 17.Qh4 Bh8 18.Bg5 Na6 19.Rae1 Qf7 20.a3 Nd7 21.Re3 Ne5 22.Kh1 b5
23.b3 c4 24.f4 Nd3 25.bxc4 bxc4 26.f5 Nac5 27.Qxc4 Ne5 28.fxg6 Qxg6 29.Qh4
Ned3 30.Bh3 h6 31.Bxh6 Be5 32.Bf5 {#r} 1-0

[Event "Ch England (team) 2007/08 (2 div)"]
[Site "masterchessopen.com - England"]
[Date "2008.05.05"]
[Round "11"]
[White "Cobb Charles (ENG)"]
[Black "Zeidler Sven P (WLS)"]
[Result "1-0"]
[WhiteElo "2407"]
[BlackElo "2224"]

1.c4 f5 2.d4 Nf6 3.g3 g6 4.Bg2 Bg7 5.Nh3 d6 6.d5 O-O 7.O-O Na6 8.Nc3 Nc5 9.Qc2
a5 10.Be3 Na6 11.Rad1 Ng4 12.Bd4 Ne5 13.b3 h6 14.f4 Ng4 15.Bxg7 Kxg7 16.Qd2
Bd7 17.Nf2 Nxf2 18.Rxf2 a4 19.e4 axb3 20.axb3 Nc5 21.b4 Nxe4 22.Nxe4 fxe4
23.Bxe4 Bg4 24.Re1 Qd7 25.Bf3 Rf7 26.Rfe2 Bh3 27.Re6 Qe8 28.g4 h5 29.f5 gxf5
30.Qh6+ {#r} 1-0

[Event "It (cat.7)"]
[Site "masterchessopen.com - Danang (Vietnam)"]
[Date "2008.06.17"]
[Round "9"]
[White "Nguyen Thien Viet (VIE)"]
[Black "Bao Quang (VIE)"]
[Result "1-0"]
[WhiteElo "2337"]
[BlackElo "2301"]

1.d4 f5 2.c4 Nf6 3.g3 d5 4.cxd5 Qxd5 5.Nf3 Nc6 6.Nc3 Qa5 7.Bg2 Bd7 8.d5 Nb4
9.Ne5 g6 10.O-O Bg7 11.a3 Na6 12.Qb3 Nc5 13.Qc4 Nce4 14.Nxe4 fxe4 15.Nxd7 Nxd7
16.Qxe4 Bf6 17.b4 Qa6 18.Ra2 O-O 19.Qe6+ Qxe6 20.dxe6 {#r} 1-0

[Event "Ch Vietnam (juniors) (under 15)"]
[Site "masterchessopen.com - Vung Tau (Vietnam)"]
[Date "2008.07.12"]
[Round "9"]
[White "Nguyen Hoai Nam (VIE)"]
[Black "Bui Manh Hung (VIE)"]
[Result "0-1"]
[WhiteElo "2111"]
[BlackElo "1804"]

1.d4 f5 2.c4 Nf6 3.g3 g6 4.Bg2 Bg7 5.Nc3 O-O 6.Nh3 e6 7.Qb3 Nc6 8.d5 Ne7
9.dxe6 dxe6 10.O-O c6 11.Bf4 Re8 12.e4 Qb6 13.Qxb6 axb6 14.Bc7 Nxe4 15.Bxe4
fxe4 16.Bxb6 Ra6 17.Bc5 Bxc3 18.bxc3 Ra4 19.Rfd1 Nf5 20.Bb4 c5 21.Bxc5 Rxc4
22.Ba7 e5 23.Re1 h6 24.Rad1 Be6 25.Rd2 Ne7 26.Kg2 Rxc3 27.Be3 Nf5 28.Bb6 Rd3
29.Rb2 Ra3 30.Ng1 Bd5 31.Kh3 Nd4 32.Ne2 Nf3 33.Rd1 Bc6 34.Rd6 Kf7 35.Bc5 Rd3
36.Be3 Rxd6 {#R} 0-1

[Event "It (open)"]
[Site "masterchessopen.com - Porto San Giorgio (Italy)"]
[Date "2008.08.22"]
[Round "2"]
[White "Ferri Stefano (ITA)"]
[Black "Ortega Lexy (ITA)"]
[Result "0-1"]
[WhiteElo "2170"]
[BlackElo "2442"]

1.c4 f5 2.d4 Nf6 3.g3 g6 4.Bg2 Bg7 5.Nc3 O-O 6.Nh3 d6 7.O-O Na6 8.Rb1 c5 9.d5
Bd7 10.Nf4 Rb8 11.Nb5 Nc7 12.a4 a6 13.Nc3 Qe8 14.Bd2 g5 15.Nd3 Qh5 16.e4 Qxd1
17.Rfxd1 fxe4 18.Nxe4 Bf5 19.Re1 b5 20.Ba5 Rfc8 21.axb5 axb5 22.cxb5 Rxb5
23.Bd2 Nxe4 24.Bxe4 Bxe4 25.Rxe4 Nxd5 26.Rbe1 Bf6 27.Rc1 Rb3 28.Nb4 Nxb4
29.Bxb4 d5 {#R} 0-1

[Event "It (open)"]
[Site "masterchessopen.com - Ricany (Czech Republic)"]
[Date "2008.08.26"]
[Round "5"]
[White "Fojtu Jan (CZE)"]
[Black "Fojtu Petr (CZE)"]
[Result "1-0"]
[WhiteElo "2115"]
[BlackElo "2170"]

1.d4 f5 2.c4 Nf6 3.g3 g6 4.Bg2 Bg7 5.e3 d6 6.Ne2 O-O 7.O-O e5 8.f4 e4 9.Nbc3
c6 10.Rb1 Be6 11.b3 Na6 12.Bb2 Nc7 13.h3 b5 14.d5 b4 15.Nxe4 Nxe4 16.Bxg7 Kxg7
17.dxe6 Nxe6 18.Bxe4 fxe4 19.Nd4 Nc5 20.Nxc6 Qd7 21.Qd4+ Kg8 22.Qd5+ Kg7
23.Kg2 {#r} 1-0

[Event "It (open)"]
[Site "masterchessopen.com - Rostock (Germany)"]
[Date "2008.08.29"]
[Round "4"]
[White "Appel Gerald"]
[Black "Sura Christian"]
[Result "1-0"]
[WhiteElo "1722"]
[BlackElo "1405"]

1.d4 f5 2.c4 Nf6 3.g3 d6 4.Bg2 c6 5.Nc3 g6 6.Nh3 Bg7 7.d5 e5 8.dxe6 Bxe6 9.Qb3
Qc7 10.Ng5 Bd7 11.O-O Na6 12.Bf4 Nc5 13.Qd1 Bf8 14.Qd4 Be7 15.Qxc5 {#r} 1-0

[Event "It (cat.8)"]
[Site "masterchessopen.com - Canovelles (Spain)"]
[Date "2008.09.19"]
[Round "7"]
[White "Cruz Cristhian (PER)"]
[Black "Almeida Omar (CUB)"]
[Result "1-0"]
[WhiteElo "2534"]
[BlackElo "2519"]

1.d4 f5 2.c4 Nf6 3.g3 c5 4.d5 b5 5.cxb5 a6 6.bxa6 g6 7.Bg2 d6 8.Nc3 Bg7 9.Nh3
Nxa6 10.Nf4 Nc7 11.h4 Rb8 12.h5 g5 13.h6 Bxh6 14.Rxh6 gxf4 15.Qa4+ Bd7 16.Qxf4
Rb4 17.Qd2 Rd4 18.Qc2 Ncxd5 19.Nxd5 Nxd5 20.e3 Nb4 21.Qc3 Qa5 22.exd4 cxd4
23.Qd2 Nc2+ 24.Kd1 Qxd2+ 25.Kxd2 Nxa1 26.b3 O-O 27.Bb2 f4 28.Bxa1 fxg3 29.Bxd4
e5 30.Be3 gxf2 31.Bf1 Ra8 32.a4 Bxa4 33.bxa4 Rxa4 34.Rxd6 Ra2+ 35.Kd1 Ra1+
36.Ke2 {#r} 1-0

[Event "It (open)"]
[Site "masterchessopen.com - San Sebastian de los Reyes (Spain)"]
[Date "2008.12.08"]
[Round "9"]
[White "Adan Bermudez Sergio (ESP)"]
[Black "Esquivias Francisco J (ESP)"]
[Result "1-0"]
[WhiteElo "2227"]
[BlackElo "2048"]

1.c4 f5 2.g3 Nf6 3.d4 g6 4.Bg2 Bg7 5.Nc3 O-O 6.Nh3 d6 7.d5 c6 8.O-O e5 9.dxe6
Qe7 10.Bf4 Rd8 11.Ng5 Bxe6 12.Nxe6 Qxe6 13.Qb3 Qf7 14.Rad1 Bf8 15.e4 fxe4
16.Bg5 Rd7 17.Bh3 Re7 18.Rxd6 Bg7 19.Rd8+ Bf8 20.c5 Kg7 21.Qxf7+ Rxf7 22.Be6
Be7 23.Rc8 Rf8 24.Rxf8 Kxf8 25.Bxf6 Bxf6 26.Nxe4 Ke7 27.Bc8 a5 28.Bxb7 Ra7
29.Nd6 Kd8 30.Re1 Be7 31.Rxe7 {#r} 1-0

[Event "It (open)"]
[Site "masterchessopen.com - Krakow (Poland)"]
[Date "2008.12.30"]
[Round "5"]
[White "Roubalik Jakub (CZE)"]
[Black "Tofil Borys (POL)"]
[Result "1-0"]
[WhiteElo "2216"]
[BlackElo "2132"]

1.c4 f5 2.d4 Nf6 3.g3 d6 4.d5 e5 5.dxe6 Bxe6 6.Bg2 c6 7.b3 d5 8.cxd5 Bxd5
9.Nf3 Bb4+ 10.Bd2 Bc5 11.O-O Nbd7 12.Nc3 O-O 13.Nxd5 Nxd5 14.Qc2 Qe7 15.Rae1
Rae8 16.Ng5 h6 17.e4 Ne3 18.Bxe3 Bxe3 19.Qc4+ Kh8 20.Nf3 Bb6 21.exf5 Qf6
22.Nh4 Ne5 23.Qe4 Kh7 24.Kh1 Nf7 25.Qxe8 Rxe8 26.Rxe8 Qb2 27.f6 Qxf6 28.Be4+
g6 29.Bxg6+ Kg7 30.Rfe1 Bc5 31.R1e6 Qa1+ 32.Kg2 Nd6 33.R8e7+ Kf8 34.Nf5 Nxf5
35.Rf7+ {#r} 1-0

[Event "Cup Timishoara (b)"]
[Site "masterchessopen.com - Timishoara (Romania)"]
[Date "2009.08.09"]
[Round "9"]
[White "Foisor Mihaela-Veronica (ROM)"]
[Black "Ungureanu Emil (ROM)"]
[Result "1-0"]
[WhiteElo "2123"]
[BlackElo "2215"]

1.d4 f5 2.c4 Nf6 3.g3 c6 4.Bg2 g6 5.Nc3 Bg7 6.Nh3 O-O 7.O-O d6 8.d5 e5 9.dxe6
Bxe6 10.Qb3 Qb6 11.Ng5 Qxb3 12.axb3 Bc8 13.Rd1 h6 14.Nf3 Rd8 15.Bf4 Ne8 16.h4
Na6 17.Ne1 Nb4 18.Ra4 a5 19.Rda1 Be6 20.Rxa5 Rxa5 21.Rxa5 d5 22.Ra4 d4 23.Na2
Nxa2 24.Rxa2 b5 25.c5 Nf6 26.Bxc6 Rc8 27.Ra8 Rxa8 28.Bxa8 Kf7 29.Bc6 Bd7
30.Bxd7 Nxd7 31.Nd3 Ke6 32.b4 Kd5 33.b3 {#r} 1-0

[Event "It (open) \"]
[Site "masterchessopen.com - Nuernberg (Germany)"]
[Date "2009.09.03"]
[Round "1"]
[White "Solonar Stefan (GER)"]
[Black "Suess Stefan (GER)"]
[Result "1-0"]
[WhiteElo "2364"]
[BlackElo "1805"]

1.c4 f5 2.d4 Nf6 3.g3 g6 4.Bg2 Bg7 5.Nh3 O-O 6.Nc3 d6 7.d5 a5 8.Nf4 Na6 9.h4
Qe8 10.h5 c6 11.hxg6 hxg6 12.Bd2 Nc5 13.Qc2 e5 14.dxe6 Nxe6 15.O-O-O Qf7
16.Na4 Nxf4 17.Bxf4 Be6 18.Bxd6 Bxc4 19.Bxf8 Bxf8 20.Nb6 Bxa2 21.Nxa8 Bb3
22.Qc3 Bb4 23.Rd8+ Kg7 24.Qd4 c5 25.Qf4 Ng4 26.Qc7 {#r} 1-0

[Event "Ch Europe (juniors) (under 14)"]
[Site "masterchessopen.com - Fermo (Italy)"]
[Date "2009.09.06"]
[Round "6"]
[White "Hasenohr Benedict (SUI)"]
[Black "Bortnik Alexandr (UKR)"]
[Result "0-1"]
[WhiteElo "2080"]
[BlackElo "2308"]

1.d4 f5 2.c4 Nf6 3.g3 g6 4.Bg2 Bg7 5.Nc3 O-O 6.Nh3 d6 7.d5 Nbd7 8.O-O Ne5 9.b3
h6 10.Nf4 c6 11.Bb2 g5 12.Nd3 Nxd3 13.Qxd3 c5 14.a4 Qe8 15.Nb5 Qh5 16.Qc2 f4
17.Nc7 Rb8 18.Bxf6 Bxf6 19.Rae1 Be5 20.Be4 Bh3 21.Bg6 Qg4 22.Ne6 fxg3 23.hxg3
Bxg3 24.f3 Bh2+ 25.Kf2 Qh4+ 26.Ke3 Bxe6 {#R} 0-1

[Event "Tournament (open)"]
[Site "masterchessopen.com - Novosibirsk (Russia)"]
[Date "2010.04.06"]
[Round "4"]
[White "Krasnikov Mikhail (RUS)"]
[Black "Popov Nikita"]
[Result "0-1"]
[WhiteElo "1935"]
[BlackElo "1993"]

1.d4 f5 2.c4 Nf6 3.g3 g6 4.Bg2 Bg7 5.Nc3 O-O 6.Nh3 d6 7.O-O Qe8 8.Bg5 h6
9.Bxf6 exf6 10.Qb3 c6 11.c5+ d5 12.Nxd5 cxd5 13.Bxd5+ Kh7 14.Bxb7 Bxb7 15.Qxb7
Nc6 16.d5 Nd4 17.Rae1 g5 18.Qa6 Qe4 19.d6 f4 20.f3 Qe3+ 21.Kg2 Nc2 22.c6 Nxe1+
23.Rxe1 f5 24.b3 Qd2 25.Kf1 Qxd6 26.gxf4 g4 27.Ng1 Rfc8 28.Rc1 Qxf4 29.Qc4
Qxc4 30.Rxc4 h5 {#R} 0-1